01011nam a22003135b 4500001000600000003000900006005001700015007000600032008004200038017000900080020001500089040002800104082002800132100002700160245004200187250000600229260005100235300002600286490005100312590002600363600000600389650003600395650003400431650003600465910004100501942001200542952012600554999001700680 446 DO-SdBPM20250610132705.0 446 950710s1999 sp a | |||| ||spa  a b  a8424179013 aDO-SdBPMbspacBPMSUe  4a863.6bL431m 19992221 aLázaro, Georgina d 10aMi gorrita /cGeorgina Lázaro h  a  aLeón, España : bEditorial Everest, c1999 a45 p. :bil. ;c20 cm0 aMontaña encantada; aPrimeros lectores, v  aInventariado, 2025/VM 2  4aCuentos infantiles españoles  4aAnimales vCuentos infantiles 4aLiteratura infantil española  aVMateo V. Control de calidad. BPMSU  2ddccBK 00102ddc40708CI-GaBPMETbBPMETd2025-06-10l0oBPMSU CGI 863.6 L431m 1999pBPMSU25060036r2025-06-10w2025-06-10yBK c15145d15145